000 00635nam a2200229Ia 4500
003 OSt
005 20220107122734.0
008 130318s9999 xx 000 0 und d
020 _a9788131794760
040 _cIIITM-K
082 _a005.14 MAT/F
100 _aMathur, Aditya P
_93808
245 _aFoundations of software testing
_cby Aditya P Mathur
250 _a2nd ed.
260 _bPearson Education,
_aNew Delhi,
_c2013.
300 _axxix, 697p.
650 _aSOFTWARE ENGINEERING
_93809
650 _aCOMPUTER SCIENCE
_93810
650 _aSOFTWARE ENGINEERING
_93811
650 _aSOFTWARE TESTING
_93812
942 _2ddc
_cBK
999 _c3765
_d3765